| 000 | nam a22 7a 4500 | ||
|---|---|---|---|
| 999 |
_c28851 _d28851 |
||
| 008 | 170328b xxu||||| |||| 00| 0 eng d | ||
| 020 | _a8122415318 | ||
| 050 | _aHF 5822 .K43 2004 | ||
| 100 |
_aKhan,Matin. _d2004 |
||
| 245 | _aConsumer behaviour. | ||
| 250 | _a2rd ed | ||
| 260 |
_aNew Delhi: _bNew age, _c2004. |
||
| 300 | _a229.p | ||
| 650 | _aAdvertising. | ||
| 650 | _aManagement. | ||
| 942 |
_2lcc _cBOOKS _hHF 5822 .K43 2004 |
||